[Event "BdF-Diamant 09 email"]
[Site "GER email"]
[Date "2018.06.19"]
[Round "?"]
[White "Bendig, Frank"]
[Black "Keevil, Paul"]
[Result "1/2-1/2"]
[WhiteElo "2322"]
[BlackElo "2284"]
[PlyCount "60"]
[EventDate "2018.??.??"]
[EventType "tourn (corr)"]
[EventRounds "10"]
[EventCountry "GER"]
[SourceTitle "Corr 2020"]
[Source "ChessBase"]
[SourceDate "2019.09.30"]
[SourceVersion "1"]
[SourceVersionDate "2019.09.30"]
[SourceQuality "1"]

1. b3 e5 2. Bb2 Nc6 3. e3 d5 4. Bb5 f6 5. d4 exd4 6. Qxd4 Qd7 7. Qd2 a6 8. Bxc6 Qxc6 9. Ne2 Be6 10. Nbc3 0-0-0 11. 0-0-0 Bb4 12. a3 Bxc3 13. Bxc3 Ne7 14. Bb4 Rhe8 15. Nd4 Qd7 16. a4 Nc6 17. Nxc6 Qxc6 18. Kb2 b6 19. a5 Kb7 20. Rhe1 Bf7 21. f3 Rd7 22. Bc3 Qd6 23. axb6 cxb6 24. h3 Qc6 25. Bd4 Rc7 26. Qe2 Bg6 27. c3 a5 28. Ra1 h5 29. g4 h4 30. Ra2 Ra8 1/2-1/2